Investovanie a obchodovanie na rýchlo sa rozvíjajúcich trhoch - manažment rizík
Salvato in:
| Autore principale: | |
|---|---|
| Altri autori: | |
| Natura: | Libro |
| Lingua: | slovacco |
| Pubblicazione: |
Bratislava
Slovenská obchodná a priemyselná komora
2006
|
| Soggetti: | |
| Tags: |
Nessun Tag, puoi essere il primo ad aggiungerne!!
|
MARC
| LEADER | 00000nam$a2200000$$$4500 | ||
|---|---|---|---|
| 001 | 0054706 | ||
| 005 | 20240314093022.6 | ||
| 020 | |a 80-89105-28-9 | ||
| 041 | 0 | |a slo | |
| 044 | |a SK | ||
| 245 | 1 | 0 | |a Investovanie a obchodovanie na rýchlo sa rozvíjajúcich trhoch - manažment rizík |c Nick Douch ; preložil: Peter Slovák |
| 264 | 1 | |a Bratislava |b Slovenská obchodná a priemyselná komora |c 2006 | |
| 300 | |a 128 s. | ||
| 610 | 2 | 0 | |a investovanie |
| 610 | 2 | 0 | |a obchod |
| 610 | 2 | 0 | |a trh |
| 610 | 2 | 0 | |a stratégia investičná |
| 610 | 2 | 0 | |a kurz menový |
| 610 | 2 | 0 | |a bilancia platobná |
| 610 | 2 | 0 | |a riziko politické |
| 610 | 2 | 0 | |a konvertibilita |
| 610 | 2 | 0 | |a hedging |
| 610 | 2 | 0 | |a Medzinárodný menový fond |
| 100 | 1 | |a Douch, Nick | |
| 700 | 1 | |a Slovák, Peter | |